书目信息 |
| 题名: |
图解截拳道格斗指南
|
|
| 作者: | 秦瑞明 编著 | |
| 分册: | ||
| 出版信息: | 北京 北京体育大学出版社 2000 |
|
| 页数: | 172页 | |
| 开本: | 20cm | |
| 丛书名: | ||
| 单 册: | ||
| 中图分类: | G852.19 | |
| 科图分类: | ||
| 主题词: | 武术 , 拳术,截拳道--训练--图解 | |
| 电子资源: | ||
| ISBN: | 7-81051-456-3 | |
| 000 | 00598nam0 2200205 45 | |
| 001 | 0312081683 | |
| 005 | 20031219104122.6 | |
| 010 | @a7-81051-456-3@dCNY10.80 | |
| 100 | @a20031208d2000 km y0chiy0120 ea | |
| 101 | 0 | @achi |
| 105 | @a z 000yy | |
| 200 | 1 | @a图解截拳道格斗指南@ATu Jie Jie Quan Dao Ge Dou Zhi Nan@f秦瑞明编著@FQin Rui Ming Bian Zhu |
| 210 | @a北京@c北京体育大学出版社@d2000 | |
| 215 | @a172页@d20cm | |
| 606 | 0 | @a武术 |
| 606 | 0 | @a拳术,截拳道@x训练@x图解 |
| 690 | @aG852.19@v4 | |
| 701 | 0 | @a秦瑞明@4编著 |
| 801 | @aCN@bTSTC@c20031208 | |
| 905 | @b329564-568@dG852.19@e102@f5 | |
| 图解截拳道格斗指南/秦瑞明编著.-北京:北京体育大学出版社,2000 |
| 172页;20cm |
| ISBN 7-81051-456-3:CNY10.80 |
| ● |
| 相关链接 |
|
|
|
|
正题名:图解截拳道格斗指南
索取号:G852.19/102
 
预约/预借
| 序号 | 登录号 | 条形码 | 馆藏地/架位号 | 状态 | 备注 |
| 1 | 0329564 | 203295647 | 第四借阅区/ [索取号:G852.19/102] | 在馆 | |
| 2 | 0329565 | 203295656 | 第四借阅区/ [索取号:G852.19/102] | 在馆 | |
| 3 | 0329566 | 203295665 | 第四借阅区/ [索取号:G852.19/102] | 在馆 | |
| 4 | 0329567 | 203295674 | 第四借阅区/ [索取号:G852.19/102] | 在馆 | |
| 5 | 0329568 | 203295683 | 第一样本阅览室/ [索取号:G852.19/102] | 在馆 |